El Santo desierto de San José de Rigada (Santander) / (Record no. 85448)
[ view plain ]
| 000 -LEADER | |
|---|---|
| campo de control de longitud fija | 00595nam a2200169 i 4500 |
| 001 - NÚMERO DE CONTROL | |
| campo de control | 85448 |
| 003 - IDENTIFICADOR DE NÚMERO DE CONTROL | |
| campo de control | ES-MaACL |
| 005 - FECHA Y HORA DE LA ÚLTIMA TRANSACCIÓN | |
| campo de control | 20230906175238.0 |
| 007 - CAMPO FIJO DE DESCRIPCIÓN FÍSICA--INFORMACIÓN GENERAL | |
| campo de control de longitud fija | t| |
| 008 - DATOS DE LONGITUD FIJA--INFORMACIÓN GENERAL | |
| campo de control de longitud fija | 041129s1957 sp ||||1| spa d |
| 100 1# - ENTRADA PRINCIPAL--NOMBRE DE PERSONA | |
| Nombre de persona | Juan José de la Inmaculada |
| Títulos y otros términos asociados al nombre | Fray. |
| 9 (RLIN) | 67125 |
| 245 13 - MENCIÓN DEL TÍTULO | |
| Título | El Santo desierto de San José de Rigada (Santander) / |
| Mención de responsabilidad, etc. | Fray Juan José de la Inmaculada. |
| 260 ## - PUBLICACIÓN, DISTRIBUCIÓN, ETC. | |
| Lugar de publicación, distribución, etc. | Vitoria : |
| Nombre del editor, distribuidor, etc. | El Carmen, |
| Fecha de publicación, distribución, etc. | [1957] ( |
| Fabricante | S. Católica) |
| 300 ## - DESCRIPCIÓN FÍSICA | |
| Extensión | 119 p., 1 lám. : |
| Otras características físicas | il. ; |
| Dimensiones | 21 cm. |
| 500 ## - NOTA GENERAL | |
| Nota general | Es separata de: "El Desierto de la Provincia de San Joaquín" |
| 852 ## - LOCALIZACIÓN | |
| Ubicación | ES-MaACL |
| Número de control de estantería | C-14479 |
| Sublocalización o colección | R.42015 |
| Estatus retirado | Estado de pérdida | Estado de daño | No para préstamo | Biblioteca de origen | Biblioteca actual | Ubicación en estantería | Fecha de adquisición | Fuente de adquisición | Total de préstamos | Signatura topográfica completa | Código de barras | Visto por última vez | Precio de reemplazo | Tipo de ítem Koha |
|---|---|---|---|---|---|---|---|---|---|---|---|---|---|---|
| Biblioteca del Ateneo de Madrid | Biblioteca del Ateneo de Madrid | Ficheros | 17/01/2008 | C-14479 | 1089291 | 23/02/2023 | 23/02/2023 | Libro impreso |
